រឿង ជ្រូកស៊ូនឺងខ្លា / (Record no. 19)

MARC details
000 -LEADER
fixed length control field 00719nam a22002417a 4500
001 - CONTROL NUMBER
control field 19
003 - CONTROL NUMBER IDENTIFIER
control field FISKH
005 - DATE AND TIME OF LATEST TRANSACTION
control field 20251212154438.0
008 - FIXED-LENGTH DATA ELEMENTS--GENERAL INFORMATION
fixed length control field 230106b |||||||| |||| 00| 0 eng d
020 ## - INTERNATIONAL STANDARD BOOK NUMBER
International Standard Book Number 9789996389351
040 ## - CATALOGING SOURCE
Original cataloging agency FISKH
Language of cataloging Eng
Transcribing agency FISKH
Modifying agency FISKH
050 ## - LIBRARY OF CONGRESS CALL NUMBER
Classification number PZ1-90
082 ## - DEWEY DECIMAL CLASSIFICATION NUMBER
Classification number 495.95
100 ## - MAIN ENTRY--PERSONAL NAME
Personal name Anonymous
Relator term author
245 ## - TITLE STATEMENT
Title រឿង ជ្រូកស៊ូនឺងខ្លា /
246 ## - VARYING FORM OF TITLE
Title proper/short title Pig against tigers
260 ## - PUBLICATION, DISTRIBUTION, ETC.
Place of publication, distribution, etc. Phnom Penh :
Name of publisher, distributor, etc. Once Upon A Time,
Date of publication, distribution, etc. 2015.
300 ## - PHYSICAL DESCRIPTION
Extent 12 pages :
Other physical details color illustrations ;
Dimensions 21 cm.
490 ## - SERIES STATEMENT
Series statement និទានអប់រំសម្រាប់កុមារ
521 ## - TARGET AUDIENCE NOTE
Target audience note 390<br/>
Source lexile estimate<br/>
521 ## - TARGET AUDIENCE NOTE
Target audience note D
Source Raz-Paz
942 ## - ADDED ENTRY ELEMENTS (KOHA)
Source of classification or shelving scheme Library of Congress Classification
Koha item type Khmer Books
Suppress in OPAC No
Holdings
Withdrawn status Lost status Source of classification or shelving scheme Damaged status Not for loan Collection Home library Current library Shelving location Date acquired Total Checkouts Full call number Barcode Date last seen Copy number Price effective from Koha item type
    Library of Congress Classification     Khmer Language Books / សៀវភៅភាសាខ្មែរ Footprints International School Library Network Toul Kork Campus Footprints International School Library Network Toul Kork Campus TK Old Khmer Books (Rear Hallway Shelf 3) 01/30/2023   ANO 495.95 FISTK04616 10/02/2023 1 01/30/2023 Khmer Books
    Library of Congress Classification     Khmer Language Books / សៀវភៅភាសាខ្មែរ Footprints International School Library Network Toul Kork Campus Footprints International School Library Network Toul Kork Campus TK Old Khmer Books (Rear Hallway Shelf 3) 09/04/2025   ANO 495.95 FISTK04617 09/04/2025 2 09/04/2025 Khmer Books
    Library of Congress Classification     Khmer Language Books / សៀវភៅភាសាខ្មែរ Footprints International School Library Network Toul Tom Poung Campus Footprints International School Library Network Toul Tom Poung Campus TTP Primary Khmer Bookshelves 11/11/2025   ANO 495.95 FISBK03740 11/11/2025 3 11/11/2025 Khmer Books
    Library of Congress Classification     Khmer Language Books / សៀវភៅភាសាខ្មែរ Footprints International School Library Network Toul Tom Poung Campus Footprints International School Library Network Toul Tom Poung Campus TTP Primary Khmer Bookshelves 12/11/2025   ANO 495.95 FIS04216 12/11/2025 4 12/11/2025 Khmer Books
    Library of Congress Classification     Khmer Language Books / សៀវភៅភាសាខ្មែរ Footprints International School Library Network Toul Tom Poung Campus Footprints International School Library Network Toul Tom Poung Campus TTP Primary Khmer Bookshelves 12/12/2025   ANO 495.95 FISBK04284 12/12/2025 5 12/12/2025 Khmer Books